| LEADER 00000nam 2200000uu 4500 |
| 001 13399112551 |
| 003 BCNR |
| 008 110616s2553||||th 000 0 tha d |
| 020 9789746725286
|
| 041 0 tha
|
| 060 04 WG300^bC822 2553
|
| 245 00 Coronary artery disease :^bthe new frontiers /^cอภิชาต สุคนธสรรพ์, บรรณาธิการ
|
| 250 พิมพ์ครั้งที่ 1
|
| 260 เชียงใหม่ :^bทริค ธิงค์,^c2553
|
| 300 0443 หน้า :^bภาพประกอบ ;^c31 ซม.
|
| 504 มีบรรณานุกรมท้ายบทและดัชนีท้ายเล่ม
|
| 650 7 หลอดเลือดโคโรนารีย์, โรค
|
| 650 7 หลอดเลือดโคโรนารีย์ผิดปกติ
|
| 650 7 หัวใจร่วมหลอดเลือด, โรค^xการรักษา
|
| 650 7 หลอดเลือดหัวใจ, โรค^xการป้องกันและควบคุม
|
| 700 0 อภิชาต สุคนธสรรพ์,^eบรรณาธิการ
|
| 710 2 มหาวิทยาลัยเชียงใหม่. ^bคณะแพทยศาสตร์
|
| 999 ^aบรรณารักษ์
|